[Event "XtraCon-Skakligaen"]
[Site "Denmark"]
[Date "2015.03.08"]
[Round "9.2"]
[White "Ochsner, Bjorn Moller"]
[Black "Svane, Rasmus"]
[Result "1/2-1/2"]
[WhiteElo "2342"]
[BlackElo "2506"]
[PlyCount "69"]
[EventDate "2014.10.25"]
[EventType "team-tourn"]
[EventRounds "9"]
[EventCountry "DEN"]
[WhiteTeam "Jetsmark"]
[BlackTeam "Skanderborg"]
[WhiteTeamCountry "DEN"]
[BlackTeamCountry "DEN"]
[WhiteClock "0:01:06"]
[BlackClock "0:01:20"]

1. e4 c6 2. d4 d5 3. Nc3 dxe4 4. Nxe4 Bf5 5. Ng3 Bg6 6. h4 h6 7. Nf3 Nd7 8. h5
Bh7 9. Bd3 Bxd3 10. Qxd3 e6 11. Bd2 Ngf6 12. O-O-O Be7 13. Kb1 O-O 14. Ne4 Nxe4
15. Qxe4 Nf6 16. Qe2 Qd5 17. Ne5 Qe4 18. Be3 Nd5 19. Rh3 Rad8 20. Rg3 f5 21.
Bxh6 Kh7 22. Be3 Bf6 23. Ng6 Rg8 24. Qd3 c5 25. Qxe4 fxe4 26. c3 cxd4 27. cxd4
Nxe3 28. Rxe3 Bxd4 29. Rxe4 Bxf2 30. Rf1 Bd4 31. Rxe6 Bf6 32. Re2 Rge8 33. Rff2
Rxe2 34. Rxe2 Rd4 35. Ne7 1/2-1/2

[Event "XtraCon-Skakligaen"]
[Site "Denmark"]
[Date "2015.03.08"]
[Round "9.3"]
[White "Semcesen, Daniel"]
[Black "Jensen, Bjarke"]
[Result "1-0"]
[WhiteElo "2480"]
[BlackElo "2351"]
[PlyCount "63"]
[EventDate "2014.10.25"]
[EventType "team-tourn"]
[EventRounds "9"]
[EventCountry "DEN"]
[WhiteTeam "Skanderborg"]
[BlackTeam "Jetsmark"]
[WhiteTeamCountry "DEN"]
[BlackTeamCountry "DEN"]
[WhiteClock "0:10:56"]
[BlackClock "0:09:27"]

1. d4 d5 2. c4 c6 3. Nf3 Nf6 4. Qb3 dxc4 5. Qxc4 Bg4 6. Nbd2 Qa5 7. Qb3 b5 8.
g3 Nbd7 9. Bg2 Rc8 10. O-O c5 11. a4 a6 12. h3 Bf5 13. Ne5 Be6 14. d5 c4 15.
Ndxc4 bxc4 16. Nxc4 Rxc4 17. Qxc4 Nxd5 18. Bd2 N5b6 19. Qd3 Qe5 20. Bc3 Qb8 21.
Qxa6 Bc4 22. Qb7 e6 23. a5 Nd5 24. a6 Qxb7 25. axb7 Bd6 26. Bxg7 Rg8 27. Rfc1
Rxg7 28. Rxc4 Nb8 29. Rc8+ Kd7 30. Rd1 f5 31. Bxd5 exd5 32. Rxd5 1-0

[Event "XtraCon-Skakligaen"]
[Site "Denmark"]
[Date "2015.03.08"]
[Round "9.4"]
[White "Wiwe, Andreas"]
[Black "Pedersen, Nicolai Vesterbaek"]
[Result "0-1"]
[WhiteElo "2301"]
[BlackElo "2400"]
[PlyCount "86"]
[EventDate "2014.10.25"]
[EventType "team-tourn"]
[EventRounds "9"]
[EventCountry "DEN"]
[WhiteTeam "Jetsmark"]
[BlackTeam "Skanderborg"]
[WhiteTeamCountry "DEN"]
[BlackTeamCountry "DEN"]
[WhiteClock "0:03:57"]
[BlackClock "0:27:15"]

1. e4 e5 2. Bc4 Nf6 3. d3 c6 4. Nf3 d5 5. exd5 cxd5 6. Bb5+ Bd7 7. Bxd7+ Nbxd7
8. O-O Bd6 9. Re1 O-O 10. c4 dxc4 11. dxc4 Nb6 12. Qe2 e4 13. Nfd2 Qc7 14. h3
Rfe8 15. Nc3 e3 16. fxe3 Rxe3 17. Qf1 Rxe1 18. Qxe1 Re8 19. Qd1 Bh2+ 20. Kh1
Bg3 21. Nf3 Qxc4 22. Bg5 Ne4 23. Nxe4 Qxe4 24. Qb3 h6 25. Bd2 Qc4 26. Qxc4 Nxc4
27. Bc3 Re2 28. Rd1 Rc2 29. Bd4 Nxb2 30. Rb1 Nd3 31. Bxa7 Rxa2 32. Bd4 Rc2 33.
Be3 Re2 34. Bd4 Ne1 35. Rxb7 Nxg2 36. Rb3 Nf4 37. Rb8+ Kh7 38. Rb7 Kg8 39. Rb8+
Kh7 40. Rb7 Kg6 41. h4 f6 42. Rb5 Nh5 43. Kg1 Re4 0-1

[Event "XtraCon-Skakligaen"]
[Site "Denmark"]
[Date "2015.03.08"]
[Round "9.5"]
[White "Pedersen, Steffen"]
[Black "Thybo, Jesper Sondergaard"]
[Result "1/2-1/2"]
[WhiteElo "2417"]
[BlackElo "2334"]
[PlyCount "50"]
[EventDate "2014.10.25"]
[EventType "team-tourn"]
[EventRounds "9"]
[EventCountry "DEN"]
[WhiteTeam "Skanderborg"]
[BlackTeam "Jetsmark"]
[WhiteTeamCountry "DEN"]
[BlackTeamCountry "DEN"]
[WhiteClock "0:41:20"]
[BlackClock "0:44:28"]

1. d4 Nf6 2. c4 g6 3. Nc3 Bg7 4. e4 d6 5. h3 O-O 6. Bg5 c5 7. d5 e6 8. Bd3 exd5
9. exd5 Nbd7 10. Nf3 Re8+ 11. Kf1 a6 12. a4 Qc7 13. Qd2 Ne5 14. Nxe5 Rxe5 15.
g4 b6 16. Kg2 Bb7 17. f3 Rae8 18. Bf4 R5e7 19. Bg5 Re5 20. Bf4 R5e7 21. Bg3 Nd7
22. Bh4 Bf6 23. Bf2 Bg7 24. Bh4 Bf6 25. Bf2 Bg7 1/2-1/2

[Event "XtraCon-Skakligaen"]
[Site "Denmark"]
[Date "2015.03.08"]
[Round "9.6"]
[White "Helledie, Anders"]
[Black "Kjeldsen, Jens"]
[Result "1-0"]
[WhiteElo "2266"]
[BlackElo "2402"]
[PlyCount "103"]
[EventDate "2014.10.25"]
[EventType "team-tourn"]
[EventRounds "9"]
[EventCountry "DEN"]
[WhiteTeam "Jetsmark"]
[BlackTeam "Skanderborg"]
[WhiteTeamCountry "DEN"]
[BlackTeamCountry "DEN"]
[WhiteClock "0:20:25"]
[BlackClock "0:28:53"]

1. e4 c5 2. Nc3 Nc6 3. g3 g6 4. Bg2 Bg7 5. d3 d6 6. Be3 e6 7. Qd2 Rb8 8. Nge2
Nd4 9. Nc1 Ne7 10. Nd1 e5 11. c3 Ndc6 12. Ne2 O-O 13. O-O Be6 14. d4 cxd4 15.
cxd4 Bc4 16. d5 Nd4 17. Ndc3 f5 18. f3 fxe4 19. fxe4 Rxf1+ 20. Rxf1 Qa5 21. Re1
Nxe2+ 22. Nxe2 Qxd2 23. Bxd2 Bxa2 24. Bb4 Rd8 25. Rc1 Bh6 26. Rc7 Be3+ 27. Kh1
Kf8 28. Nc3 Bb3 29. Nb5 Rc8 30. Bxd6 Rxc7 31. Nxc7 Bd4 32. Ne6+ Kf7 33. Nxd4
exd4 34. Kg1 Ng8 35. Be5 d3 36. Bc3 Nf6 37. Kf2 Ng4+ 38. Ke1 Ne3 39. Bf3 g5 40.
Bh5+ Ke7 41. Kd2 Nf1+ 42. Kxd3 Nxh2 43. Kd4 b6 44. Bb4+ Kd8 45. e5 a5 46. Ba3
Ba4 47. e6 Be8 48. Bxe8 Kxe8 49. d6 Nf1 50. d7+ Kd8 51. Bd6 h5 52. Be5 1-0

[Event "XtraCon-Skakligaen"]
[Site "Denmark"]
[Date "2015.03.08"]
[Round "9.8"]
[White "Rosenkilde, Alexander"]
[Black "Hansen, Mads"]
[Result "1-0"]
[WhiteElo "2211"]
[BlackElo "2320"]
[PlyCount "85"]
[EventDate "2014.10.25"]
[EventType "team-tourn"]
[EventRounds "9"]
[EventCountry "DEN"]
[WhiteTeam "Jetsmark"]
[BlackTeam "Skanderborg"]
[WhiteTeamCountry "DEN"]
[BlackTeamCountry "DEN"]
[WhiteClock "0:24:08"]
[BlackClock "0:27:45"]

1. d4 d5 2. c4 dxc4 3. Nf3 Nf6 4. e3 e6 5. Bxc4 c5 6. O-O a6 7. Bb3 b5 8. a4 b4
9. e4 cxd4 10. e5 Ne4 11. Nxd4 Bb7 12. Be3 Nd7 13. f4 Ndc5 14. Bc2 Be7 15. Nd2
O-O 16. N2f3 Qd7 17. Qe2 Rfd8 18. Rad1 Bd5 19. Ng5 Qc7 20. Nxe4 Bxe4 21. Bxe4
Nxe4 22. Rc1 Qb7 23. f5 Bc5 24. Rfd1 Bxd4 25. Bxd4 exf5 26. Qf3 g6 27. e6 fxe6
28. Qf4 Rxd4 29. Rxd4 Rc8 30. Rcd1 Qe7 31. Qe5 Re8 32. Rc1 Qg5 33. Re1 Qe7 34.
h3 Qh4 35. Rf1 Qe7 36. Kh2 Nf6 37. Re1 a5 38. b3 Ne4 39. Red1 Qg7 40. Qxa5 e5
41. Rd8 Nf6 42. Rxe8+ Nxe8 43. Qd8 1-0

[Event "XtraCon-Skakligaen"]
[Site "Denmark"]
[Date "2015.03.08"]
[Round "9.1"]
[White "Fries Nielsen, Niels Jorgen"]
[Black "Hector, Jonny"]
[Result "1/2-1/2"]
[WhiteElo "2329"]
[BlackElo "2488"]
[PlyCount "140"]
[EventDate "2014.10.25"]
[EventType "team-tourn"]
[EventRounds "9"]
[EventCountry "DEN"]
[WhiteTeam "Esbjerg"]
[BlackTeam "Nordkalotten"]
[WhiteTeamCountry "DEN"]
[BlackTeamCountry "DEN"]
[WhiteClock "0:36:57"]
[BlackClock "0:09:57"]

1. d4 d5 2. Nf3 Nf6 3. c3 c5 4. b4 cxb4 5. cxb4 Bf5 6. Nc3 e6 7. a3 a5 8. b5
Nbd7 9. e3 Rc8 10. Bb2 Bd6 11. Be2 h6 12. O-O O-O 13. Rc1 Qe7 14. Qb3 Bg4 15.
h3 Bh5 16. Rfe1 g5 17. b6 Rc6 18. Na4 Rxc1 19. Rxc1 Ne4 20. Qb5 f5 21. Ne5 Be8
22. Qxa5 g4 23. f3 Ng3 24. Qe1 Nxe2+ 25. Qxe2 gxh3 26. Nxd7 Bxd7 27. Nc5 Be8
28. f4 hxg2 29. Qxg2+ Kh7 30. Kf2 Rg8 31. Qh2 Qd8 32. Rh1 Rg6 33. Nxb7 Qxb6 34.
Nxd6 Qxb2+ 35. Kf3 Qxa3 36. Nxe8 Qe7 37. Rc1 Qxe8 38. Rc7+ Rg7 39. Rxg7+ Kxg7
40. Qg3+ Kh7 41. Qh4 Qf7 42. Kg3 Qg6+ 43. Kf2 Qf7 44. Kg3 Kg7 45. Kf2 Qf8 46.
Kf3 Kf7 47. Qh5+ Ke7 48. Qg6 Kd7 49. Kg3 Kd6 50. Kh4 Qe7+ 51. Kg3 Kc6 52. Qxh6
Kb5 53. Kf3 Kc4 54. Qh1 Qa3 55. Qh6 Kd3 56. Qxe6 Kd2 57. Qxd5 Qxe3+ 58. Kg2
Qe2+ 59. Kg1 Qe3+ 60. Kg2 Qxf4 61. Qa2+ Ke3 62. Qb3+ Ke4 63. Qb7+ Kxd4 64. Qb4+
Ke3 65. Qxf4+ Kxf4 66. Kf2 Ke4 67. Ke2 f4 68. Kf2 f3 69. Kf1 Ke3 70. Ke1 f2+
1/2-1/2

[Event "XtraCon-Skakligaen"]
[Site "Denmark"]
[Date "2015.03.08"]
[Round "9.2"]
[White "Brynell, Stellan"]
[Black "Poulsen, Iver"]
[Result "1-0"]
[WhiteElo "2459"]
[BlackElo "2095"]
[PlyCount "67"]
[EventDate "2014.10.25"]
[EventType "team-tourn"]
[EventRounds "9"]
[EventCountry "DEN"]
[WhiteTeam "Nordkalotten"]
[BlackTeam "Esbjerg"]
[WhiteTeamCountry "DEN"]
[BlackTeamCountry "DEN"]
[WhiteClock "0:14:52"]
[BlackClock "0:12:03"]

1. d4 e6 2. e4 d5 3. Nd2 Nc6 4. Ngf3 Nf6 5. e5 Nd7 6. Be2 Ne7 7. O-O c5 8. c3
Nf5 9. Bd3 g6 10. Re1 Qb6 11. dxc5 Nxc5 12. Bc2 Bd7 13. b4 Na6 14. Nb3 Qc7 15.
Bd2 Nb8 16. a4 a6 17. Bd3 Nc6 18. Qe2 Bg7 19. Bf4 Nfe7 20. Qd2 O-O 21. h4 Rac8
22. h5 a5 23. b5 Nd8 24. Rac1 b6 25. Nbd4 Nb7 26. Bg5 Rfe8 27. Bf6 Nc5 28. Bc2
Nf5 29. g4 Bh6 30. Bg5 Bxg5 31. Qxg5 Ne7 32. Qh6 Rf8 33. Ng5 f6 34. Qxh7# 1-0

[Event "XtraCon-Skakligaen"]
[Site "Denmark"]
[Date "2015.03.08"]
[Round "9.3"]
[White "Bonnelykke, Ole"]
[Black "Sylvan, Jacob"]
[Result "1/2-1/2"]
[WhiteElo "2045"]
[BlackElo "2315"]
[PlyCount "72"]
[EventDate "2014.10.25"]
[EventType "team-tourn"]
[EventRounds "9"]
[EventCountry "DEN"]
[WhiteTeam "Esbjerg"]
[BlackTeam "Nordkalotten"]
[WhiteTeamCountry "DEN"]
[BlackTeamCountry "DEN"]
[WhiteClock "0:14:31"]
[BlackClock "0:03:40"]

1. e4 c5 2. Nc3 Nc6 3. g3 g6 4. Bg2 Bg7 5. d3 d6 6. Be3 Nf6 7. h3 O-O 8. Qd2
Nd4 9. Nd1 e5 10. c3 Ne6 11. Nf3 Qc7 12. Ng5 Rd8 13. Nxe6 Bxe6 14. c4 a6 15.
Nc3 Bd7 16. O-O b5 17. f4 b4 18. Ne2 exf4 19. Bxf4 Ne8 20. Rf2 Be6 21. Raf1 Qd7
22. Kh2 Nc7 23. Bg5 Rf8 24. Bh6 f6 25. Bxg7 Kxg7 26. b3 Qe7 27. d4 Rad8 28. g4
Bc8 29. Kh1 Bb7 30. d5 Na8 31. Nf4 Bc8 32. Nd3 Nb6 33. Qb2 h6 34. Nf4 Qe5 35.
Qe2 Rde8 36. Qf3 Qg5 1/2-1/2

[Event "XtraCon-Skakligaen"]
[Site "Denmark"]
[Date "2015.03.08"]
[Round "9.5"]
[White "Lindestrom, Torsten"]
[Black "Jakobsen, Peter"]
[Result "1-0"]
[WhiteElo "2224"]
[BlackElo "2227"]
[PlyCount "117"]
[EventDate "2014.10.25"]
[EventType "team-tourn"]
[EventRounds "9"]
[EventCountry "DEN"]
[WhiteTeam "Esbjerg"]
[BlackTeam "Nordkalotten"]
[WhiteTeamCountry "DEN"]
[BlackTeamCountry "DEN"]

1. f4 d5 2. Nf3 Bg4 3. e3 Nd7 4. h3 Bxf3 5. Qxf3 e5 6. Qxd5 Qh4+ 7. Kd1 O-O-O
8. Qf3 exf4 9. exf4 Ne7 10. g3 Qf6 11. Bg2 c6 12. Nc3 Nf5 13. d3 Nc5 14. Qf2 h5
15. g4 hxg4 16. hxg4 Rxh1+ 17. Bxh1 Nd4 18. Be3 g6 19. Kd2 Bg7 20. Rb1 Qd6 21.
Ne4 Nxe4+ 22. Bxe4 f5 23. gxf5 gxf5 24. Bxd4 Bxd4 25. Bxf5+ Kb8 26. Qf3 Rf8 27.
Qe4 Qf6 28. c3 Bb6 29. Be6 Bc7 30. f5 Rh8 31. Rh1 Rxh1 32. Qxh1 a5 33. Qh5 a4
34. a3 Bf4+ 35. Kc2 Qe5 36. Qf3 Bg5 37. Qf1 Kc7 38. Kb1 b5 39. Qg1 Be3 40. Qg8
Kb6 41. Qd8+ Qc7 42. Qxc7+ Kxc7 43. f6 Bh6 44. d4 Kd6 45. Ba2 c5 46. dxc5+ Kxc5
47. Kc2 Kd6 48. Bf7 Kd7 49. Bh5 Bg5 50. Be2 Kc6 51. f7 Bh6 52. Kd3 Kd5 53. Kc2
Kc5 54. Kd1 Kc6 55. Bd3 Kc5 56. Ke2 Kc6 57. Kf3 Kd6 58. Bxb5 Ke7 59. Bxa4 1-0

[Event "XtraCon-Skakligaen"]
[Site "Denmark"]
[Date "2015.03.08"]
[Round "9.6"]
[White "Hove, Esben Kjems"]
[Black "Maarup, Michael"]
[Result "1-0"]
[WhiteElo "2224"]
[BlackElo "2152"]
[PlyCount "39"]
[EventDate "2014.10.25"]
[EventType "team-tourn"]
[EventRounds "9"]
[EventCountry "DEN"]
[WhiteTeam "Nordkalotten"]
[BlackTeam "Esbjerg"]
[WhiteTeamCountry "DEN"]
[BlackTeamCountry "DEN"]
[WhiteClock "0:41:00"]
[BlackClock "0:31:41"]

1. d4 e6 2. c4 d5 3. Nc3 c5 4. e3 Nf6 5. Nf3 Nc6 6. a3 a6 7. cxd5 exd5 8. Be2
Be7 9. O-O O-O 10. Ne5 cxd4 11. Nxc6 bxc6 12. exd4 Re8 13. Bf4 Bf8 14. Na4 Ne4
15. Bd3 Bd7 16. f3 c5 17. fxe4 Bxa4 18. Qxa4 dxe4 19. Bc4 cxd4 20. Bxf7+ 1-0

[Event "XtraCon-Skakligaen"]
[Site "Denmark"]
[Date "2015.03.08"]
[Round "9.7"]
[White "Jensen, Henrik Tranberg"]
[Black "Ejsing, Esben"]
[Result "0-1"]
[WhiteElo "2057"]
[BlackElo "2190"]
[PlyCount "94"]
[EventDate "2014.10.25"]
[EventType "team-tourn"]
[EventRounds "9"]
[EventCountry "DEN"]
[WhiteTeam "Esbjerg"]
[BlackTeam "Nordkalotten"]
[WhiteTeamCountry "DEN"]
[BlackTeamCountry "DEN"]
[WhiteClock "0:32:58"]
[BlackClock "0:21:14"]

1. d4 Nf6 2. c4 e6 3. Nf3 b6 4. a3 Bb7 5. Nc3 d5 6. Bg5 Be7 7. e3 Nbd7 8. Be2
O-O 9. O-O dxc4 10. Bxc4 c5 11. Rc1 Rc8 12. Bd3 h6 13. Bh4 a6 14. Bb1 g6 15.
Qe2 b5 16. e4 cxd4 17. Nxd4 Qb6 18. Rfd1 Ne5 19. Nf3 Nxf3+ 20. gxf3 Kg7 21. b4
Rc7 22. Bg3 Rd7 23. Be5 Kh7 24. Bxf6 Rxd1+ 25. Rxd1 Bxf6 26. e5 Bh4 27. Ne4 Kg7
28. Nc5 Rd8 29. Rxd8 Bxd8 30. Be4 Bxe4 31. Qxe4 a5 32. Qb7 axb4 33. axb4 Qxb7
34. Nxb7 Be7 35. Kf1 Bxb4 36. Ke2 g5 37. Nd8 Bc3 38. Nc6 b4 39. Kd3 Kg6 40. Kc4
Kf5 41. Nd8 Kg6 42. h3 h5 43. Kb3 Be1 44. Kc4 Bxf2 45. Kxb4 Bb6 46. Nc6 Kf5 47.
Kb5 Bc7 0-1

[Event "XtraCon-Skakligaen"]
[Site "Denmark"]
[Date "2015.03.08"]
[Round "9.2"]
[White "Sorensen, Jan"]
[Black "Hansen, Soren Bech"]
[Result "1-0"]
[WhiteElo "2431"]
[BlackElo "2296"]
[PlyCount "139"]
[EventDate "2014.10.25"]
[EventType "team-tourn"]
[EventRounds "9"]
[EventCountry "DEN"]
[WhiteTeam "AarhusSkolerne"]
[BlackTeam "Obro"]
[WhiteTeamCountry "DEN"]
[BlackTeamCountry "DEN"]
[WhiteClock "0:01:54"]
[BlackClock "0:01:04"]

1. e4 Nf6 2. Nc3 d5 3. exd5 Nxd5 4. Bc4 e6 5. Nf3 Be7 6. O-O O-O 7. d4 Nxc3 8.
bxc3 c5 9. Rb1 Nc6 10. Be3 b6 11. Qe2 Qc7 12. dxc5 bxc5 13. Bg5 Bd7 14. Rfd1
Rad8 15. Qe4 Bc8 16. Bf4 Rxd1+ 17. Rxd1 Qb6 18. Ng5 g6 19. h4 Na5 20. Bd3 Bb7
21. Qe2 Rd8 22. c4 Bf6 23. h5 e5 24. Bd2 Nc6 25. Nxh7 Nd4 26. Nxf6+ Qxf6 27.
Qg4 Bc8 28. Qg5 Qxg5 29. Bxg5 Rd6 30. Rb1 Kg7 31. Be7 Rc6 32. Be4 Rb6 33. Rxb6
axb6 34. hxg6 f5 35. Bd5 Kxg6 36. Bd8 Ne2+ 37. Kf1 Nc3 38. Bc6 Ba6 39. Be8+ Kg7
40. Bxb6 Bxc4+ 41. Ke1 Bxa2 42. Bxc5 Kf6 43. Ba3 Bc4 44. Bb2 Nd5 45. g3 Ke6 46.
Kd2 Nf6 47. Bc6 Kd6 48. Bb7 Be6 49. Ba6 Nd7 50. Ba3+ Kc6 51. Kd3 Bf7 52. Ke3
Nb6 53. Bf8 Kd5 54. Bb7+ Ke6 55. Bg7 Nd5+ 56. Kd3 f4 57. Bc8+ Kd6 58. Bf8+ Kc7
59. Bf5 fxg3 60. fxg3 Nf6 61. g4 Nd7 62. Be7 Kc6 63. Be4+ Kc7 64. g5 Nb6 65.
Bf5 Nd5 66. Ba3 Nb6 67. Bh7 Nc4 68. Bb4 Be6 69. Ke4 Kd7 70. g6 1-0

[Event "XtraCon-Skakligaen"]
[Site "Denmark"]
[Date "2015.03.08"]
[Round "9.4"]
[White "Pedersen, Finn"]
[Black "Larsen, Karsten"]
[Result "0-1"]
[WhiteElo "2278"]
[BlackElo "2247"]
[PlyCount "36"]
[EventDate "2014.10.25"]
[EventType "team-tourn"]
[EventRounds "9"]
[EventCountry "DEN"]
[WhiteTeam "AarhusSkolerne"]
[BlackTeam "Obro"]
[WhiteTeamCountry "DEN"]
[BlackTeamCountry "DEN"]
[WhiteClock "1:00:37"]
[BlackClock "0:16:55"]

1. Nf3 Nf6 2. d4 e6 3. g3 d5 4. Bg2 Be7 5. O-O O-O 6. c4 dxc4 7. Ne5 Nc6 8.
Nxc6 bxc6 9. e3 Rb8 10. Qc2 c5 11. dxc5 Qd3 12. Qxd3 cxd3 13. c6 Nd5 14. Rd1
Bf6 15. Rxd3 Rxb2 16. Na3 Re2 17. Rb1 Re1+ 18. Bf1 Ba6 0-1

[Event "XtraCon-Skakligaen"]
[Site "Denmark"]
[Date "2015.03.08"]
[Round "9.5"]
[White "Kaaber Hansen, Jacob"]
[Black "Rendboe, John Filip"]
[Result "1/2-1/2"]
[WhiteElo "2262"]
[BlackElo "2196"]
[PlyCount "58"]
[EventDate "2014.10.25"]
[EventType "team-tourn"]
[EventRounds "9"]
[EventCountry "DEN"]
[WhiteTeam "Obro"]
[BlackTeam "AarhusSkolerne"]
[WhiteTeamCountry "DEN"]
[BlackTeamCountry "DEN"]
[WhiteClock "0:26:03"]
[BlackClock "0:14:25"]

1. c4 c5 2. g3 g6 3. Bg2 Bg7 4. Nc3 Nc6 5. a3 Nf6 6. Rb1 a5 7. e4 O-O 8. Nge2
d6 9. O-O e6 10. d3 Ne8 11. Be3 f5 12. f4 e5 13. Nd5 Nd4 14. b4 fxe4 15. Bxe4
Bg4 16. Bxd4 cxd4 17. Qd2 Ra7 18. Bg2 Nf6 19. h3 Be6 20. Nxf6+ Bxf6 21. Kh2 b6
22. Qb2 g5 23. fxe5 Bxe5 24. Rxf8+ Qxf8 25. Rf1 Rf7 26. Qc1 h6 27. Qe1 Rxf1 28.
Qxf1 Qxf1 29. Bxf1 axb4 1/2-1/2

[Event "XtraCon-Skakligaen"]
[Site "Denmark"]
[Date "2015.03.08"]
[Round "9.6"]
[White "Hagen, Kresten Skytte"]
[Black "Schou Moldt, Thomas"]
[Result "1/2-1/2"]
[WhiteElo "2163"]
[BlackElo "2228"]
[PlyCount "63"]
[EventDate "2014.10.25"]
[EventType "team-tourn"]
[EventRounds "9"]
[EventCountry "DEN"]
[WhiteTeam "AarhusSkolerne"]
[BlackTeam "Obro"]
[WhiteTeamCountry "DEN"]
[BlackTeamCountry "DEN"]
[WhiteClock "0:03:16"]
[BlackClock "0:46:23"]

1. Nf3 Nf6 2. c4 Nc6 3. d4 e6 4. a3 d6 5. Nc3 g6 6. e4 Bg7 7. Be2 O-O 8. O-O
Re8 9. b4 e5 10. d5 Nd4 11. Ne1 Nxe2+ 12. Qxe2 Nh5 13. Nd3 f5 14. Bb2 f4 15. c5
Rf8 16. f3 g5 17. Rac1 Qe8 18. Nf2 Bd7 19. c6 bxc6 20. dxc6 Be6 21. Rfd1 Qf7
22. Nd5 Nf6 23. Nxf6+ Qxf6 24. b5 h5 25. Nd3 Bb3 26. Rd2 Rfb8 27. Nb4 Ba4 28.
Rd5 Bb3 29. Rd2 Qf7 30. Na6 Rd8 31. Rc3 Be6 32. Nb4 1/2-1/2

[Event "XtraCon-Skakligaen"]
[Site "Denmark"]
[Date "2015.03.08"]
[Round "9.7"]
[White "Simonsen, Carsten"]
[Black "Jensen, Jacob Bjerre"]
[Result "0-1"]
[WhiteElo "2207"]
[BlackElo "2156"]
[PlyCount "82"]
[EventDate "2014.10.25"]
[EventType "team-tourn"]
[EventRounds "9"]
[EventCountry "DEN"]
[WhiteTeam "Obro"]
[BlackTeam "AarhusSkolerne"]
[WhiteTeamCountry "DEN"]
[BlackTeamCountry "DEN"]

1. d4 Nf6 2. c4 e6 3. Nc3 c5 4. d5 exd5 5. cxd5 Bd6 6. e4 O-O 7. Bd3 Bc7 8.
Nge2 a6 9. a4 d6 10. O-O Nbd7 11. Ng3 Rb8 12. f4 Re8 13. Qf3 Nf8 14. h3 Ng6 15.
b3 Bd7 16. Bb2 b5 17. axb5 axb5 18. Bc2 Bb6 19. Nf5 c4+ 20. Kh1 Bxf5 21. exf5
Re3 22. Qd1 cxb3 23. fxg6 bxc2 24. gxf7+ Kxf7 25. Qxc2 Rc8 26. Qd2 Rcxc3 27.
Bxc3 Ne4 28. Qb2 Nxc3 29. Rfe1 Qe7 30. Rxe3 Qxe3 31. Qc2 Ne4 32. Qc8 Nf2+ 33.
Kh2 Qxf4+ 34. g3 Qe5 35. Qb7+ Kg6 36. Qxb6 Qxa1 37. Qxf2 Qb1 38. Qd4 h6 39.
Qg4+ Kh7 40. Qe6 Qc2+ 41. Kh1 b4 0-1

[Event "XtraCon-Skakligaen"]
[Site "Denmark"]
[Date "2015.03.08"]
[Round "9.8"]
[White "Mygind, Jesper"]
[Black "Skousen, Nikolai"]
[Result "0-1"]
[WhiteElo "1907"]
[BlackElo "2182"]
[PlyCount "62"]
[EventDate "2014.10.25"]
[EventType "team-tourn"]
[EventRounds "9"]
[EventCountry "DEN"]
[WhiteTeam "AarhusSkolerne"]
[BlackTeam "Obro"]
[WhiteTeamCountry "DEN"]
[BlackTeamCountry "DEN"]

1. c4 g6 2. Nc3 Bg7 3. d4 c5 4. d5 Bxc3+ 5. bxc3 f5 6. Nf3 Nf6 7. g3 Qa5 8. Qb3
d6 9. Bg2 Nbd7 10. O-O Nb6 11. Nd2 Bd7 12. e4 O-O-O 13. Re1 Rhe8 14. Rb1 Qa6
15. e5 dxe5 16. Ba3 Ba4 17. Qb2 Nfd7 18. Bf1 Kb8 19. Nf3 e4 20. Ng5 Ne5 21.
Bxc5 Nbxc4 22. Qb4 Rxd5 23. Bd4 Nd3 24. Bxd3 exd3 25. Rxe7 Rxe7 26. Qxe7 Qc6
27. Ne6 Qd7 28. Qf8+ Qe8 29. Qxe8+ Bxe8 30. Nc5 Rxc5 31. Bxc5 Ba4 0-1

[Event "XtraCon-Skakligaen"]
[Site "Denmark"]
[Date "2015.03.08"]
[Round "9.1"]
[White "Teplyi, Igor"]
[Black "Schandorff, Lars"]
[Result "1/2-1/2"]
[WhiteElo "2381"]
[BlackElo "2532"]
[PlyCount "79"]
[EventDate "2014.10.25"]
[EventType "team-tourn"]
[EventRounds "9"]
[EventCountry "DEN"]
[WhiteTeam "Nordre"]
[BlackTeam "Hillerod"]
[WhiteTeamCountry "DEN"]
[BlackTeamCountry "DEN"]

1. d4 d5 2. c4 c6 3. Nf3 Nf6 4. Nc3 e6 5. e3 Nbd7 6. Qc2 Bd6 7. b3 O-O 8. Be2
e5 9. cxd5 cxd5 10. Nb5 Bb4+ 11. Bd2 Bxd2+ 12. Nxd2 a6 13. dxe5 Nxe5 14. Nd4
Bg4 15. Bxg4 Nexg4 16. O-O g6 17. h3 Ne5 18. N2f3 Rc8 19. Qb2 Qd6 20. Nxe5 Qxe5
21. Rac1 Ne4 22. Rc2 Rc5 23. Rxc5 Nxc5 24. Qc2 Ne6 25. Rd1 Rd8 26. Rd2 Qd6 27.
Qc3 Rd7 28. Nf3 Rc7 29. Qe5 Qxe5 30. Nxe5 Rc1+ 31. Kh2 Nc7 32. Nd3 Rc3 33. Nf4
Rc5 34. g4 Kf8 35. Kg3 Ke7 36. f3 a5 37. h4 b5 38. Nd3 Rc3 39. Nf4 Rc5 40. Nd3
1/2-1/2

[Event "XtraCon-Skakligaen"]
[Site "Denmark"]
[Date "2015.03.08"]
[Round "9.2"]
[White "Percivaldi, Martin"]
[Black "Baekgaard, Martin"]
[Result "0-1"]
[WhiteElo "2324"]
[BlackElo "2318"]
[PlyCount "134"]
[EventDate "2014.10.25"]
[EventType "team-tourn"]
[EventRounds "9"]
[EventCountry "DEN"]
[WhiteTeam "Hillerod"]
[BlackTeam "Nordre"]
[WhiteTeamCountry "DEN"]
[BlackTeamCountry "DEN"]
[WhiteClock "0:10:47"]
[BlackClock "0:07:41"]

1. d4 d5 2. c4 e6 3. Nf3 Nf6 4. g3 dxc4 5. Bg2 Bb4+ 6. Nbd2 b5 7. a4 c6 8. Qc2
Bb7 9. O-O Nbd7 10. b3 c3 11. Nb1 bxa4 12. Rxa4 a5 13. Nxc3 c5 14. dxc5 Rc8 15.
Nb5 Bxc5 16. Qd2 Qb6 17. Qxa5 Bxf2+ 18. Kh1 O-O 19. Qxb6 Nxb6 20. Ra7 Bd5 21.
Nd6 Rc6 22. e4 Bxb3 23. e5 Ng4 24. h3 Nc8 25. Ra3 Nxd6 26. exd6 Bc4 27. Rd1 Be2
28. Ng1 Bxd1 29. Bxc6 Ne5 30. Bb7 Bc5 31. Ra6 Rd8 32. Bf4 Ng6 33. Rc6 Bb4 34.
Rb6 Bc5 35. Rc6 Ba3 36. Ra6 Bb4 37. Rb6 Nxf4 38. Rxb4 Nd3 39. Rd4 Nc5 40. Bc6
Bb3 41. Ne2 f6 42. Nc3 e5 43. Rd2 Kf7 44. Nb5 Ne6 45. Bd5 Bxd5+ 46. Rxd5 Ke8
47. Rd2 Kd7 48. Rc2 Rb8 49. Nc7 Nd4 50. Rc3 Kxd6 51. Na6 Rb6 52. Nc7 Ne2 53.
Re3 Kxc7 54. Rxe2 Kd6 55. Rd2+ Ke6 56. Kg2 h5 57. Rd8 Kf5 58. Rh8 Rb2+ 59. Kf3
e4+ 60. Ke3 Rb3+ 61. Kf2 g6 62. Re8 h4 63. gxh4 Rxh3 64. Rh8 g5 65. h5 Kf4 66.
h6 f5 67. Kg2 g4 0-1

[Event "XtraCon-Skakligaen"]
[Site "Denmark"]
[Date "2015.03.08"]
[Round "9.3"]
[White "Petersen, Tom Petri"]
[Black "Jaksland, Tim"]
[Result "1-0"]
[WhiteElo "2334"]
[BlackElo "2277"]
[PlyCount "83"]
[EventDate "2014.10.25"]
[EventType "team-tourn"]
[EventRounds "9"]
[EventCountry "DEN"]
[WhiteTeam "Nordre"]
[BlackTeam "Hillerod"]
[WhiteTeamCountry "DEN"]
[BlackTeamCountry "DEN"]
[WhiteClock "0:01:18"]
[BlackClock "0:28:32"]

1. g3 c5 2. Bg2 Nc6 3. d3 g6 4. c3 Bg7 5. Nf3 d6 6. O-O e5 7. e4 Nge7 8. Na3
O-O 9. Nc2 h6 10. h3 Be6 11. Re1 Qd7 12. Kh2 f5 13. exf5 gxf5 14. d4 cxd4 15.
cxd4 e4 16. Nh4 d5 17. Be3 Kh7 18. Bf1 Ng6 19. Nxg6 Kxg6 20. Qd2 Rac8 21. Red1
Kh7 22. Rac1 Ne7 23. Ne1 Ng6 24. Ng2 Rxc1 25. Rxc1 Rc8 26. Rxc8 Qxc8 27. h4 Bf8
28. Qa5 Bd6 29. h5 Ne7 30. Qxa7 Nc6 31. Qb6 Bf7 32. Be2 Qd7 33. Nf4 Qc7 34. Qb5
Ne7 35. Qb3 Qc6 36. a4 Qc7 37. Ng2 Nc6 38. Nf4 Bxf4 39. Bxf4 Nxd4 40. Qb4 Nc2
41. Qf8 Qd7 42. Be5 1-0